Knaurs Grammatik der deutschen Sprache : Sprachsystem und Sprachgebrauch /

Guardado en:
Detalles Bibliográficos
Autores principales: Götze, Lutz (Autor), Hess-Lüttich, Ernest W.B (Autor)
Formato: Libro
Lenguaje:alemán
Publicado: München : Droemer Knaur, 1989
Materias:
Etiquetas: Agregar Etiqueta
Sin Etiquetas, Sea el primero en etiquetar este registro!

MARC

LEADER 00000nam a22000003a 4500
001 stu2134
005 20150617225618.8
008 920707s1989----gw------------------ger-d
020 |a 3-426-26421-8 
040 |a STU  |b slo 
041 0 |a ger 
044 |a gw 
080 |a 803.0-5 
100 1 |a Götze, Lutz  |4 aut 
245 1 |a Knaurs Grammatik der deutschen Sprache :  |b Sprachsystem und Sprachgebrauch /  |c [aut.] Götze,Lutz; Hess-Lüttich,Ernest W.B 
260 |a München :  |b Droemer Knaur,  |c 1989 
300 |a 624 s 
650 7 |a nemčina  |2 stusub 
650 7 |a gramatika  |2 stusub 
700 1 |a Hess-Lüttich, Ernest W.B  |4 aut 
996 |b E76675  |c E*76675  |l EE18  |s P  |a 0  |w stu2134_0001